01150nam a2200229 a 450000100100000000500170001000800410002702000180006804000250008610000310011124500380014226001140018030000200029449000800031450000730039450400300046783000850049795201050058295201110068795201050079899900170090300004039920201002034116.0130823s2011 mx 000 0 spa d a9786070221538 aDO-SdBNPbspacBNPHU1 aMarquina, José E.96670110aNewtoniana /cJosé E. Marquina. aMéxico :bDirección General de Publicaciones y Fomento Editorial : Academia Mexicana de la Lengua,c2011. a47 p. ;c22 cm.1 aCuadernos del seminario ; modernidad versiones y dimensiones ;acuadernov3 aIncluye referencias bibliográficas y notas al pie de las páginas aBibliografía : p. 46-47 0aCuadernos del seminario ; modernidad versiones y dimensionesacuadernov3966702 001050718MOaGRbGRcCTd2013-08-23iLF1l0o p40399-10r2020-06-25w2020-06-25y1ZNo se presta 001050718MOaGRbGRcCTd2013-08-23iLF1l0o p40399-20r2020-06-25te. 2w2020-06-25y1ZNo se presta 001050718MOaGRbGRcCTd2013-08-23iLF1l0o p40399-30r2020-06-25w2020-06-25y1ZNo se presta c39889d39889